|
|
|
|
| LEADER |
00000nam a22000007a 4500 |
| 005 |
20200720235040.0 |
| 007 |
cr|||| |||| |
| 008 |
200720s2020 co |||||s|||| 00||0 spa d |
| 020 |
|
|
|a 20 ISBN
|
| 035 |
|
|
|a 31838
|
| 040 |
|
|
|a vLex
|
| 090 |
|
|
|c 10661
|d 10661
|
| 100 |
1 |
|
|a Carrillo Schn̲burg, Juan Carlos
|
| 245 |
1 |
2 |
|a El reto de las exportaciones colombianas
|h [Recurso electrn̤ico] /
|c Juan Carlos Carrillo Schn̲burg
|
| 256 |
|
|
|a Servicio en ln̕ea
|
| 260 |
|
|
|a Bogot:̀
|b Universidad de Los Andes (Colombia),
|c 2020
|
| 300 |
|
|
|a 1 recurso electrn̤ico
|
| 506 |
1 |
|
|a Disponible solo en los productos indicados
|d vLex Global
|d vLex Global (Academic Edition, excluding Law Schools)
|d vLex Global (U.S. Academic Edition, Law Schools)
|d vLex Global (U.S. Academic Edition, excluding Law Schools)
|d vLex Global (Academic Edition, Law Schools)
|
| 650 |
0 |
4 |
|a Derecho Pb︢lico y Administrativo
|z Colombia
|
| 740 |
0 |
|
|a vLex Libros (Servicio en ln̕ea)
|
| 856 |
4 |
0 |
|u http://vlex.com/source/reto-exportaciones-colombianas-31838
|z Acceso restringido
|
| 942 |
|
|
|c BOOK
|
| 999 |
0 |
|
|a Public and Administrative Law
|